00521nam a2200169Ia 4500003000900000008004100009020002200050040001600072080001500088100002200103245011600125260003200241300001700273650001400290650002400304650002300328IN-BaIIA211028s9999 xx 000 0 eng d a978-1-4822-3727-6 cIIA Library a52-76bCLE aClements, David L 0aInfrared astronomy-seeing the heatbfrom William Herschel to the Herschel space observatorycDavid L. Clements  aBoca RatonbCRC Pressc2015 axxiii, 266p. aAstronomy aAstronomy - history aInfrared astronomy